Govt. of
Madhya Pradesh

Research Methodology (Record no. 14860)

MARC details
000 -LEADER
fixed length control field 004950000a22001930004500
001 - CONTROL NUMBER
control field 002954
003 - CONTROL NUMBER IDENTIFIER
control field MACL
005 - DATE AND TIME OF LATEST TRANSACTION
control field 20150821130356.0
008 - FIXED-LENGTH DATA ELEMENTS--GENERAL INFORMATION
fixed length control field 150821b xxu||||| |||| 00| 0 eng d
040 ## - CATALOGING SOURCE
Original cataloging agency MACL
Transcribing agency MACL
041 ## - LANGUAGE CODE
Language code of text/sound track or separate title English
082 ## - DEWEY DECIMAL CLASSIFICATION NUMBER
Classification number 622
100 ## - MAIN ENTRY--PERSONAL NAME
Personal name Jain, Gopal Lal
9 (RLIN) 6476
245 ## - TITLE STATEMENT
Title Research Methodology
Remainder of title Methods,Tools & Techniques
Statement of responsibility, etc. Gopal Lal Jain
260 ## - PUBLICATION, DISTRIBUTION, ETC. (IMPRINT)
Place of publication, distribution, etc. Delhi
Date of publication, distribution, etc. 2001
Name of publisher, distributor, etc. Knowledge Plus,
350 ## - PRICE (NR) (BK AM CF MU VM SE) [OBSOLETE]
Price 300
650 ## - SUBJECT ADDED ENTRY--TOPICAL TERM
Topical term or geographic name as entry element Applied Physics
9 (RLIN) 6477
942 ## - ADDED ENTRY ELEMENTS (KOHA)
Call number prefix 622
Koha item type Books
Source of classification or shelving scheme
Holdings
Withdrawn status Lost status Source of classification or shelving scheme Damaged status Not for loan Home library Current library Date acquired Cost, normal purchase price Total Checkouts Total Renewals Full call number Barcode Date last seen Date last checked out Uniform Resource Identifier Price effective from Koha item type
          MACL MACL 21/08/2015 300.00 3 1 622 CRE013524 02/05/2024 17/01/2018 14749 15/04/2015 Books